[Event "DEM U14 2005"]
[Site "Willingen GER"]
[Date "2005.05.15"]
[Round "1"]
[White "Colpe, Malte"]
[Black "Bogner, Sebastian"]
[Result "0-1"]
[Termination "normal"]
[Board "1"]
[WhiteElo "1962"]
[BlackElo "2409"]
[PlyCount "76"]
[WhiteFideId "24623075"]
[BlackFideId "4692055"]
[EventCountry "GER"]
[EventRounds "9"]
[EventType "swiss"]
[EventDate "2005.05.15"]

1. d4 Nf6 2. c4 e6 3. Nc3 Bb4 4. e3 d5 5. Qa4+ Nc6 6. cxd5 Nxd5 7. Qc2 e5 8.
dxe5 Nxe5 9. Bd2 Be6 10. O-O-O c6 11. e4 Nxc3 12. Bxc3 Qa5 13. Bxb4 Qxb4 14. a3
Qb6 15. Qc3 f6 16. f3 O-O 17. Ne2 Bb3 18. Rd2 c5 19. Nf4 Rfd8 20. Nd5 Bxd5 21.
exd5 Rd6 22. f4 Ng6 23. g3 Ne7 24. g4 Qd8 25. Bc4 Qd7 26. f5 b5 27. Ba2 c4 28.
Rhd1 Rd8 29. Qd4 Rxd5 30. Qe3 Rxd2 31. Rxd2 Qxd2+ 32. Qxd2 Rxd2 33. Kxd2 h5 34.
h3 hxg4 35. hxg4 Kh7 36. Ke3 Kh6 37. Kf4 Nd5+ 38. Ke4 c3 0-1

[Event "DEM U14 2005"]
[Site "Willingen GER"]
[Date "2005.05.15"]
[Round "1"]
[White "Jorczik, Julian"]
[Black "Hirneise, Jens"]
[Result "1-0"]
[Termination "normal"]
[Board "2"]
[WhiteElo "2162"]
[BlackElo "1958"]
[PlyCount "115"]
[WhiteFideId "24611719"]
[BlackFideId "24614734"]
[EventCountry "GER"]
[EventRounds "9"]
[EventType "swiss"]
[EventDate "2005.05.15"]

1. d4 Nf6 2. c4 g6 3. Nc3 Bg7 4. e4 d6 5. Be2 O-O 6. Bg5 Na6 7. Qc2 c5 8. d5 h6
9. Bf4 Ng4 10. Nf3 f5 11. Nh4 g5 12. Nxf5 Bxf5 13. exf5 Nxf2 14. Rf1 gxf4 15.
Rxf2 Be5 16. Qe4 Qd7 17. Bd3 Nb4 18. Bb1 Rf6 19. Qf3 Kh8 20. Ne4 Rf7 21. a3 Na6
22. Qh5 Rh7 23. Bd3 Nc7 24. f6 exf6 25. Nc3 Qe8 26. Qxe8+ Rxe8 27. Kd2 Rhe7 28.
Kc2 a6 29. Raf1 Rg7 30. Ne2 Ree7 31. Bf5 Rg5 32. Bh3 b5 33. b3 bxc4 34. bxc4
Kg7 35. Rb1 Kf7 36. Kd3 Rg8 37. Rb7 Nxd5 38. Rb1 Nc7 39. Nxf4 Bxf4 40. Rxf4 Rd8
41. Rb6 a5 42. g3 Ne6 43. Rh4 Kg7 44. Re4 Rde8 45. Rxd6 Ng5 46. Rxe7+ Rxe7 47.
Bg2 Nf7 48. Ra6 Ne5+ 49. Kc3 Ng4 50. Rxa5 Nxh2 51. Rxc5 Re3+ 52. Kb4 Rxg3 53.
Be4 Ng4 54. a4 Ne5 55. Rc7+ Kf8 56. a5 Rg1 57. a6 f5 58. a7 1-0

[Event "DEM U14 2005"]
[Site "Willingen GER"]
[Date "2005.05.15"]
[Round "1"]
[White "Zeldin, Leonid"]
[Black "Müller, Reinhold"]
[Result "1/2-1/2"]
[Termination "normal"]
[Board "3"]
[WhiteElo "1917"]
[BlackElo "2122"]
[PlyCount "105"]
[WhiteFideId "24636088"]
[BlackFideId "24605875"]
[EventCountry "GER"]
[EventRounds "9"]
[EventType "swiss"]
[EventDate "2005.05.15"]

1. e4 c5 2. Nf3 d6 3. d4 cxd4 4. Nxd4 Nf6 5. Nc3 g6 6. Be3 Bg7 7. f3 O-O 8. Bc4
Nc6 9. Qd2 Bd7 10. O-O-O Rc8 11. Bb3 Ne5 12. h4 Nc4 13. Bxc4 Rxc4 14. h5 Nxh5
15. g4 Nf6 16. Bh6 Nxe4 17. Nxe4 Rxd4 18. Qh2 Be5 19. Qh4 Rxd1+ 20. Kxd1 f5 21.
Bxf8 Kxf8 22. Ng5 Qb6 23. gxf5 Bxf5 24. Nxh7+ Ke8 25. Qa4+ Bd7 26. Qc4 e6 27.
Qd3 Qxb2 28. Qxg6+ Kd8 29. Qg5+ Kc7 30. Rh4 Qxa2 31. Qd2 Qa1+ 32. Ke2 Bb5+ 33.
Kf2 Qf1+ 34. Ke3 d5 35. Rg4 Bc6 36. Qa5+ Kd7 37. Nf8+ Ke8 38. Nxe6 Qc1+ 39. Qd2
Qxd2+ 40. Kxd2 Bd7 41. Rg5 Bf6 42. Nc7+ Kd8 43. Rg6 Bh4 44. Nxd5 Bc6 45. c4 a5
46. Kd3 Bf2 47. f4 Ke8 48. Ke4 a4 49. Ke5 Bc5 50. Nc3 a3 51. f5 Bb6 52. f6 Ba5
53. Na2 1/2-1/2

[Event "DEM U14 2005"]
[Site "Willingen GER"]
[Date "2005.05.15"]
[Round "1"]
[White "Heimann, Andreas"]
[Black "Eibl, Maximilian"]
[Result "1/2-1/2"]
[Termination "normal"]
[Board "4"]
[WhiteElo "2119"]
[BlackElo "1843"]
[PlyCount "25"]
[WhiteFideId "24624632"]
[BlackFideId "24620092"]
[EventCountry "GER"]
[EventRounds "9"]
[EventType "swiss"]
[EventDate "2005.05.15"]

1. e4 c5 2. Nc3 d6 3. g3 e6 4. Bg2 Nc6 5. d3 g6 6. f4 Bg7 7. Nf3 Nge7 8. O-O
O-O 9. Ne2 d5 10. e5 d4 11. Nd2 Nd5 12. Ne4 Qb6 13. Rf3 1/2-1/2

[Event "DEM U14 2005"]
[Site "Willingen GER"]
[Date "2005.05.15"]
[Round "1"]
[White "Strathoff, Jens"]
[Black "Huschenbeth, Niclas"]
[Result "0-1"]
[Termination "normal"]
[Board "5"]
[WhiteElo "1805"]
[BlackElo "2115"]
[PlyCount "76"]
[WhiteFideId "4699084"]
[BlackFideId "24604747"]
[EventCountry "GER"]
[EventRounds "9"]
[EventType "swiss"]
[EventDate "2005.05.15"]

1. e4 e5 2. Nf3 Nc6 3. Bc4 Bc5 4. c3 Nf6 5. d4 exd4 6. e5 d5 7. Bb5 Ne4 8. cxd4
Bb6 9. Bxc6+ bxc6 10. O-O O-O 11. Nbd2 Bg4 12. Qa4 Nxd2 13. Nxd2 f6 14. h3 Be2
15. Re1 Bb5 16. Qc2 fxe5 17. a4 Qf6 18. Nf3 e4 19. Ne5 Bd3 20. Qxc6 Qxf2+ 21.
Kh2 Rad8 22. Be3 Qf6 23. Qxf6 gxf6 24. Nxd3 exd3 25. a5 d2 26. Red1 Rfe8 27.
Bg1 Re2 28. axb6 axb6 29. b4 Kf7 30. Ra2 Rg8 31. Ra3 Rgxg2+ 32. Kh1 f5 33. Rf3
Kg6 34. Re3 f4 35. Re5 f3 36. h4 h5 37. b5 Kf6 38. Rc1 dxc1=B 0-1

[Event "DEM U14 2005"]
[Site "Willingen GER"]
[Date "2005.05.15"]
[Round "1"]
[White "Seyb, Alexander"]
[Black "Schubert, Sven"]
[Result "1-0"]
[Termination "normal"]
[Board "6"]
[WhiteElo "2061"]
[BlackElo "1788"]
[PlyCount "91"]
[WhiteFideId "4699033"]
[BlackFideId "24630551"]
[EventCountry "GER"]
[EventRounds "9"]
[EventType "swiss"]
[EventDate "2005.05.15"]

1. e4 e6 2. d4 d5 3. Nc3 Nf6 4. e5 Nfd7 5. f4 c5 6. Nf3 Nc6 7. Be3 cxd4 8. Nxd4
Bc5 9. Qd2 O-O 10. Qf2 Bb4 11. Bd3 Nxd4 12. Bxd4 b6 13. f5 f6 14. exf6 Nxf6 15.
Qh4 Bxc3+ 16. bxc3 exf5 17. O-O Ne4 18. Qf4 Qe7 19. c4 Bb7 20. Rae1 Rae8 21. h4
Qe6 22. c5 bxc5 23. Bxc5 Rf7 24. Bxa7 Ra8 25. Bd4 Rxa2 26. g4 fxg4 27. Qxf7+
Qxf7 28. Rxf7 Kxf7 29. Rxe4 dxe4 30. Bc4+ Kf8 31. Bxa2 h6 32. Be6 h5 33. Bc5+
Ke8 34. Kf2 g6 35. Bd6 Bc6 36. Ke3 Bb7 37. c4 Bc6 38. Bf4 Ke7 39. Bd5 Be8 40.
Kxe4 Kd7 41. c5 Kc8 42. c6 Kd8 43. c7+ Kc8 44. Be6+ Bd7 45. Kd5 g5 46. hxg5 1-0

[Event "DEM U14 2005"]
[Site "Willingen GER"]
[Date "2005.05.15"]
[Round "1"]
[White "Schätz, Christopher"]
[Black "Kim, Oi-sin"]
[Result "0-1"]
[Termination "normal"]
[Board "7"]
[WhiteElo "1749"]
[BlackElo "2056"]
[PlyCount "72"]
[WhiteFideId "24623997"]
[BlackFideId "24605778"]
[EventCountry "GER"]
[EventRounds "9"]
[EventType "swiss"]
[EventDate "2005.05.15"]

1. e4 e5 2. f4 exf4 3. Nf3 Be7 4. Bc4 Bh4+ 5. Kf1 c6 6. d4 Be7 7. Bxf4 d5 8.
exd5 cxd5 9. Bb3 Nf6 10. Nc3 Nc6 11. Bg5 Be6 12. Bxf6 Bxf6 13. Kf2 O-O 14. Rf1
Qd6 15. Kg1 a6 16. Ne2 b5 17. c3 b4 18. Qd2 Na5 19. Nf4 Rab8 20. Nxe6 fxe6 21.
Bc2 Nc4 22. Qd3 g6 23. b3 Na3 24. cxb4 Rxb4 25. Rac1 Nb5 26. a3 Nxa3 27. Ne5
Bxe5 28. Rxf8+ Kxf8 29. dxe5 Qxe5 30. Rf1+ Rf4 31. Bd1 Nb5 32. Rxf4+ Qxf4 33.
Qc2 Qd4+ 34. Kf1 Nc3 35. Be2 Qf4+ 36. Ke1 Qe3 0-1

[Event "DEM U14 2005"]
[Site "Willingen GER"]
[Date "2005.05.15"]
[Round "1"]
[White "Geske, Julian"]
[Black "Rath, Oliver"]
[Result "1-0"]
[Termination "normal"]
[Board "8"]
[WhiteElo "2047"]
[BlackElo "1717"]
[PlyCount "69"]
[WhiteFideId "24605263"]
[BlackFideId "24610380"]
[EventCountry "GER"]
[EventRounds "9"]
[EventType "swiss"]
[EventDate "2005.05.15"]

1. e4 c5 2. Nf3 e6 3. Nc3 Nc6 4. d4 cxd4 5. Nxd4 d6 6. Bc4 Be7 7. Bb3 Nf6 8.
Be3 a6 9. f4 Qc7 10. Qf3 Bd7 11. O-O-O Nxd4 12. Bxd4 e5 13. fxe5 dxe5 14. Qg3
Nh5 15. Qxe5 Qxe5 16. Bxe5 f6 17. Bd4 Nf4 18. g3 Ne6 19. Bb6 Rc8 20. Rxd7 Kxd7
21. Ba4+ Rc6 22. Rd1+ Bd6 23. e5 fxe5 24. Ne4 Nd4 25. Bxc6+ Kxc6 26. Bxd4 exd4
27. Nxd6 Kxd6 28. Rxd4+ Kc6 29. c4 Rf8 30. Rf4 Rg8 31. Kc2 b5 32. Kc3 h6 33.
Rf7 bxc4 34. Kxc4 a5 35. Re7 1-0

[Event "DEM U14 2005"]
[Site "Willingen GER"]
[Date "2005.05.15"]
[Round "1"]
[White "Zahn, Benno"]
[Black "Zehnter, Sebastian"]
[Result "0-1"]
[Termination "normal"]
[Board "9"]
[WhiteElo "1677"]
[BlackElo "2033"]
[PlyCount "114"]
[WhiteFideId "24636070"]
[BlackFideId "24608670"]
[EventCountry "GER"]
[EventRounds "9"]
[EventType "swiss"]
[EventDate "2005.05.15"]

1. d4 d5 2. c4 Nc6 3. Nc3 dxc4 4. d5 Ne5 5. f4 Nd7 6. e4 Nb6 7. Bxc4 Nxc4 8.
Qa4+ Bd7 9. Qxc4 c6 10. Be3 cxd5 11. Nxd5 Rc8 12. Qb3 e6 13. Nc3 b6 14. Rd1
Qh4+ 15. g3 Qh5 16. e5 Bc6 17. Nb5 a5 18. Na7 Bb4+ 19. Bd2 Qf5 20. Qe3 Bc5 21.
Nxc8 Bxe3 22. Nd6+ Kf8 23. Nxf5 Bxd2+ 24. Kxd2 exf5 25. Ne2 Bxh1 26. Rxh1 Ke8
27. Rc1 Kd7 28. Nd4 Ne7 29. Nb5 Rc8 30. Rxc8 Nxc8 31. Kd3 g6 32. Kc4 Kc6 33. a4
Kd7 34. Nd4 Kc7 35. Kb5 Na7+ 36. Kc4 Nc8 37. h3 Ne7 38. Nb5+ Kd7 39. Nd6 Ke6
40. Kb5 Nd5 41. Nc4 h6 42. Nxb6 Ne3 43. Nc4 Nf1 44. g4 fxg4 45. hxg4 h5 46.
gxh5 gxh5 47. Nd6 Nd2 48. Nc4 Nxc4 49. Kxc4 h4 50. Kb5 h3 51. Kxa5 h2 52. b4
h1=Q 53. b5 Qb7 54. b6 Kd5 55. Kb5 Qc6+ 56. Ka6 Kc5 57. a5 Qa8# 0-1

[Event "DEM U14 2005"]
[Site "Willingen GER"]
[Date "2005.05.15"]
[Round "1"]
[White "Savchenko, Aleksij"]
[Black "Brüggemann, Florian"]
[Result "1/2-1/2"]
[Termination "normal"]
[Board "10"]
[WhiteElo "2026"]
[BlackElo "1626"]
[PlyCount "144"]
[WhiteFideId "24611727"]
[BlackFideId "24645567"]
[EventCountry "GER"]
[EventRounds "9"]
[EventType "swiss"]
[EventDate "2005.05.15"]

1. d4 Nf6 2. c4 g6 3. Nc3 Bg7 4. e4 d6 5. f3 O-O 6. Be3 Nbd7 7. Qd2 e5 8. d5 b6
9. O-O-O Nc5 10. b4 Nb7 11. Kb2 Nd7 12. Nge2 a5 13. a3 Nb8 14. Nc1 f5 15. Nd3
Na6 16. Be2 Qe7 17. Rb1 Bd7 18. Rhc1 f4 19. Bg1 axb4 20. axb4 Ra7 21. Ra1 Rfa8
22. Ra2 Nb8 23. Rca1 Rxa2+ 24. Rxa2 Rxa2+ 25. Kxa2 Qd8 26. Qb2 Qc8 27. Qa3 Nd8
28. c5 bxc5 29. bxc5 Qa6 30. cxd6 Qxa3+ 31. Kxa3 cxd6 32. Nb2 Be8 33. Bb6 Nf7
34. Bc7 Nd7 35. Nc4 Bf8 36. Na4 Nf6 37. Nab6 Bb5 38. Kb4 Bxc4 39. Bxc4 Ne8 40.
Bb8 Kg7 41. Bb5 Nf6 42. Nc8 g5 43. h3 h5 44. Ka5 g4 45. h4 gxf3 46. gxf3 Ng4
47. Kb6 Ne3 48. Kc6 Nc2 49. Kd7 Nd4 50. Bd3 Nxf3 51. Nxd6 Bxd6 52. Bxd6 Nxh4
53. Be7 Ng6 54. Ke8 h4 55. Bf1 f3 56. d6 Nf4 57. d7 h3 58. Bc4 f2 59. Bxf7 f1=Q
60. Bf6+ Kxf6 61. d8=Q+ Kg7 62. Qg5+ Kh7 63. Qf5+ Kh6 64. Qf6+ Kh7 65. Bg6+ Kh6
66. Bf5+ Kh5 67. Qh8+ Kg5 68. Qg7+ Kh5 69. Qh8+ Kg5 70. Qg7+ Kh5 71. Qg4+ Kh6
72. Qh4+ Nh5 1/2-1/2

[Event "DEM U14 2005"]
[Site "Willingen GER"]
[Date "2005.05.15"]
[Round "1"]
[White "Jacobi, Robin"]
[Black "Korman, Maxim"]
[Result "0-1"]
[Termination "normal"]
[Board "11"]
[WhiteElo "1622"]
[BlackElo "1999"]
[PlyCount "54"]
[WhiteFideId "24646962"]
[BlackFideId "24619787"]
[EventCountry "GER"]
[EventRounds "9"]
[EventType "swiss"]
[EventDate "2005.05.15"]

1. b4 e5 2. Bb2 d6 3. c4 Be6 4. e3 Nf6 5. Nf3 Be7 6. Be2 O-O 7. O-O Nbd7 8. d4
e4 9. Nfd2 c6 10. Nc3 d5 11. c5 Ne8 12. a4 f5 13. b5 Bg5 14. g3 Bh6 15. a5 a6
16. bxc6 bxc6 17. Na4 Qf6 18. Nb6 Ra7 19. Rb1 f4 20. Qb3 Bh3 21. Nxe4 Qe6 22.
Nxd7 Rxd7 23. Rfe1 fxe3 24. f3 dxe4 25. Bc4 Rd5 26. Bxd5 cxd5 27. Qb6 exf3 0-1

[Event "DEM U14 2005"]
[Site "Willingen GER"]
[Date "2005.05.15"]
[Round "1"]
[White "Nuber, Blasius"]
[Black "Fernschild, Daniel"]
[Result "1-0"]
[Termination "normal"]
[Board "12"]
[WhiteElo "1996"]
[BlackElo "1581"]
[PlyCount "79"]
[WhiteFideId "24620289"]
[BlackFideId "4624513"]
[EventCountry "GER"]
[EventRounds "9"]
[EventType "swiss"]
[EventDate "2005.05.15"]

1. e4 e6 2. d4 d5 3. e5 c5 4. c3 Nc6 5. Nf3 Qb6 6. a3 Be7 7. b4 cxd4 8. cxd4
Bd7 9. Nc3 f6 10. Bb2 a6 11. Rc1 Nh6 12. Bd3 O-O 13. O-O Kh8 14. Na4 Qd8 15.
exf6 Bxf6 16. Nc5 Bc8 17. Re1 Re8 18. Qc2 Qd6 19. Ne5 Ne7 20. Bxh7 Bxe5 21.
dxe5 Qc6 22. Bg6 Rf8 23. Qd3 Nxg6 24. Qxg6 Qe8 25. Qxe8 Rxe8 26. f4 Rb8 27. h3
b6 28. Nb3 Nf5 29. g4 Nh4 30. Kf2 Rf8 31. Kg3 Ng6 32. Rf1 a5 33. b5 Bb7 34. Nd4
Rfe8 35. a4 Nf8 36. Rc7 Rec8 37. Rfc1 Kg8 38. Rxb7 Rxc1 39. Rxb8 Rd1 40. Nxe6
1-0

[Event "DEM U14 2005"]
[Site "Willingen GER"]
[Date "2005.05.15"]
[Round "1"]
[White "Völsgen, Georg"]
[Black "Kaczmarczyk, Dennis"]
[Result "0-1"]
[Termination "normal"]
[Board "13"]
[WhiteElo "1562"]
[BlackElo "1986"]
[PlyCount "112"]
[WhiteFideId "24635901"]
[BlackFideId "24608297"]
[EventCountry "GER"]
[EventRounds "9"]
[EventType "swiss"]
[EventDate "2005.05.15"]

1. e4 e6 2. d4 d5 3. e5 c5 4. c3 Qb6 5. Nf3 Nc6 6. a3 c4 7. Nbd2 f6 8. exf6
Nxf6 9. b4 Bd6 10. Be2 O-O 11. O-O Qc7 12. h3 e5 13. dxe5 Nxe5 14. Nd4 Qf7 15.
N2f3 Ne4 16. Ng5 Nxg5 17. Bxg5 Qg6 18. f4 Nc6 19. Bh5 Qd3 20. Qxd3 cxd3 21.
Rad1 Nxd4 22. cxd4 Bf5 23. Bg4 Be4 24. Be6+ Kh8 25. f5 h6 26. Bd2 a5 27. bxa5
Bc7 28. Bb4 Bxa5 29. Bxf8 Rxf8 30. Bxd5 Bxd5 31. Rxd3 Bc4 32. Rdf3 Bxf1 33.
Kxf1 Bd8 34. g4 Bf6 35. Rd3 Rd8 36. d5 Kg8 37. Ke2 Kf7 38. Rb3 Rd7 39. Ke3 Ke7
40. Ke4 Kd6 41. Rb5 Kc7 42. a4 Rd6 43. Rc5+ Kb6 44. Rb5+ Ka6 45. Rc5 Rb6 46.
Rc4 Ka5 47. Rc7 Kxa4 48. h4 Rb4+ 49. Kd3 Rxg4 50. Rxb7 Rd4+ 51. Ke3 Rxd5 52.
Kf4 Rd4+ 53. Kg3 Bxh4+ 54. Kf3 Bf6 55. Kg3 Rb4 56. Ra7+ Kb3 0-1

[Event "DEM U14 2005"]
[Site "Willingen GER"]
[Date "2005.05.15"]
[Round "1"]
[White "Fink, Leander"]
[Black "Bart, Simon"]
[Result "1/2-1/2"]
[Termination "normal"]
[Board "14"]
[WhiteElo "1967"]
[BlackElo "1474"]
[PlyCount "47"]
[WhiteFideId "24605247"]
[BlackFideId "24637327"]
[EventCountry "GER"]
[EventRounds "9"]
[EventType "swiss"]
[EventDate "2005.05.15"]

1. e4 e5 2. Nf3 Nc6 3. Nc3 Nf6 4. a3 d5 5. exd5 Nxd5 6. Bb5 Bg4 7. h3 Nxc3 8.
Bxc6+ bxc6 9. bxc3 Bxf3 10. Qxf3 Qd5 11. Qg4 g6 12. O-O Bg7 13. d3 O-O 14. c4
f5 15. Qe2 Qd6 16. a4 Rfe8 17. Ba3 Qd4 18. Rab1 Rab8 19. Qd2 e4 20. Rxb8 Rxb8
21. Qa5 exd3 22. cxd3 Qb6 23. Qc5 Bf8 24. Qxb6 1/2-1/2

[Event "DEM U14 2005"]
[Site "Willingen GER"]
[Date "2005.05.15"]
[Round "2"]
[White "Bogner, Sebastian"]
[Black "Geske, Julian"]
[Result "1/2-1/2"]
[Termination "normal"]
[Board "1"]
[WhiteElo "2409"]
[BlackElo "2047"]
[PlyCount "24"]
[WhiteFideId "4692055"]
[BlackFideId "24605263"]
[EventCountry "GER"]
[EventRounds "9"]
[EventType "swiss"]
[EventDate "2005.05.15"]

1. e4 e5 2. Nf3 Nc6 3. Bb5 Nf6 4. d3 d6 5. c3 Bd7 6. O-O g6 7. Re1 Bg7 8. d4
O-O 9. Nbd2 Nxd4 10. cxd4 Bxb5 11. dxe5 dxe5 12. Nxe5 Qe7 1/2-1/2

[Event "DEM U14 2005"]
[Site "Willingen GER"]
[Date "2005.05.15"]
[Round "2"]
[White "Zehnter, Sebastian"]
[Black "Jorczik, Julian"]
[Result "0-1"]
[Termination "normal"]
[Board "2"]
[WhiteElo "2033"]
[BlackElo "2162"]
[PlyCount "100"]
[WhiteFideId "24608670"]
[BlackFideId "24611719"]
[EventCountry "GER"]
[EventRounds "9"]
[EventType "swiss"]
[EventDate "2005.05.15"]

1. e4 c5 2. Nf3 e6 3. d4 cxd4 4. Nxd4 Nf6 5. Bd3 Nc6 6. Be3 d5 7. Bb5 Bd7 8.
exd5 Nxd5 9. O-O Nxe3 10. fxe3 Ne5 11. Qh5 Bxb5 12. Nxb5 Ng6 13. Qf3 Qd7 14.
N1c3 Bc5 15. Rad1 Qe7 16. Ne4 O-O 17. Nbd6 Bb6 18. Nc4 Bc7 19. Qh5 f6 20. Qb5
Rad8 21. Nc5 a6 22. Qb4 b5 23. Nd2 Rxd2 24. Rxd2 Bb6 25. Rd7 Qxc5 26. Qxc5 Bxc5
27. Rfd1 Ne5 28. Rc7 Bxe3+ 29. Kf1 Re8 30. b3 Bb6 31. Rb7 Bc5 32. Rc7 Bb4 33.
Rd4 Ba5 34. Rb7 Rc8 35. Rd6 Rxc2 36. Rxa6 Bd8 37. Ra8 Rd2 38. Rxb5 Kf7 39. Rb7+
Kg6 40. Raa7 Nd3 41. Rxg7+ Kf5 42. Ra6 Rf2+ 43. Kg1 Rc2 44. Kf1 Bc7 45. Rxh7
Bf4 46. Rh3 Rf2+ 47. Kg1 Rd2 48. Kf1 e5 49. Ra8 e4 50. Re8 Rd1+ 0-1

[Event "DEM U14 2005"]
[Site "Willingen GER"]
[Date "2005.05.15"]
[Round "2"]
[White "Huschenbeth, Niclas"]
[Black "Korman, Maxim"]
[Result "1-0"]
[Termination "normal"]
[Board "3"]
[WhiteElo "2115"]
[BlackElo "1999"]
[PlyCount "73"]
[WhiteFideId "24604747"]
[BlackFideId "24619787"]
[EventCountry "GER"]
[EventRounds "9"]
[EventType "swiss"]
[EventDate "2005.05.15"]

1. e4 e6 2. d4 d5 3. Nc3 Bb4 4. e5 c5 5. a3 Bxc3+ 6. bxc3 Qc7 7. Qg4 f5 8. Qg3
cxd4 9. cxd4 Ne7 10. Bd2 O-O 11. Bd3 b6 12. Ne2 Ba6 13. h4 Bxd3 14. Qxd3 Nbc6
15. Nf4 Qd7 16. h5 h6 17. Rh3 Rfc8 18. a4 Rab8 19. Kf1 Nd8 20. Kg1 Rc4 21. Rg3
Kh7 22. Ng6 Ndc6 23. c3 Na5 24. Qb1 Re8 25. Nxe7 Rxe7 26. Rg6 Rc8 27. g4 Rf7
28. g5 Rg8 29. Bf4 Qe8 30. Qd3 Rc7 31. Qg3 hxg5 32. Qxg5 Qd8 33. Qg3 Qe8 34.
Kh2 Nc6 35. Rg1 Nd8 36. h6 Qf8 37. Qh4 1-0

[Event "DEM U14 2005"]
[Site "Willingen GER"]
[Date "2005.05.15"]
[Round "2"]
[White "Kaczmarczyk, Dennis"]
[Black "Seyb, Alexander"]
[Result "1-0"]
[Termination "normal"]
[Board "4"]
[WhiteElo "1986"]
[BlackElo "2061"]
[PlyCount "51"]
[WhiteFideId "24608297"]
[BlackFideId "4699033"]
[EventCountry "GER"]
[EventRounds "9"]
[EventType "swiss"]
[EventDate "2005.05.15"]

1. d4 Nf6 2. Bg5 Ne4 3. Bf4 Nc6 4. e3 d5 5. Nd2 Bf5 6. Ngf3 e6 7. c3 g5 8. Bg3
h5 9. Qb3 Nxg3 10. hxg3 a6 11. Nxg5 Be7 12. Nh3 b5 13. Nf4 h4 14. gxh4 Rxh4 15.
Rxh4 Bxh4 16. Nf3 Be7 17. Bd3 Bg4 18. O-O-O Bd6 19. Rh1 Ke7 20. Ng5 Qg8 21.
Nxd5+ exd5 22. Qxd5 Bd7 23. Qe4+ Kf8 24. Nh7+ Kg7 25. Qh4 Be7 26. Qh6+ 1-0

[Event "DEM U14 2005"]
[Site "Willingen GER"]
[Date "2005.05.15"]
[Round "2"]
[White "Müller, Reinhold"]
[Black "Fink, Leander"]
[Result "1/2-1/2"]
[Termination "normal"]
[Board "6"]
[WhiteElo "2122"]
[BlackElo "1967"]
[PlyCount "51"]
[WhiteFideId "24605875"]
[BlackFideId "24605247"]
[EventCountry "GER"]
[EventRounds "9"]
[EventType "swiss"]
[EventDate "2005.05.15"]

1. d4 Nf6 2. c4 g6 3. Nc3 Bg7 4. e4 d6 5. f4 O-O 6. Nf3 c5 7. d5 e6 8. Be2 exd5
9. cxd5 Bg4 10. O-O Nbd7 11. Nd2 Bxe2 12. Qxe2 Ne8 13. a4 Qe7 14. Re1 Nc7 15.
Nc4 Nb6 16. Bd2 Rfe8 17. Qd3 Nxc4 18. Qxc4 a6 19. Rad1 b5 20. axb5 axb5 21.
Nxb5 Nxb5 22. Qxb5 Reb8 23. Qc6 Rc8 24. Qb5 Rcb8 25. Qc6 Rc8 26. Qb5 1/2-1/2

[Event "DEM U14 2005"]
[Site "Willingen GER"]
[Date "2005.05.15"]
[Round "2"]
[White "Brüggemann, Florian"]
[Black "Heimann, Andreas"]
[Result "0-1"]
[Termination "normal"]
[Board "7"]
[WhiteElo "1626"]
[BlackElo "2119"]
[PlyCount "82"]
[WhiteFideId "24645567"]
[BlackFideId "24624632"]
[EventCountry "GER"]
[EventRounds "9"]
[EventType "swiss"]
[EventDate "2005.05.15"]

1. e4 e5 2. Nf3 Nc6 3. d4 exd4 4. Nxd4 Bc5 5. Nb3 Bb6 6. a4 a6 7. Nc3 Qf6 8.
Qe2 Nge7 9. g3 d6 10. Bg2 O-O 11. Be3 Bxe3 12. Qxe3 Be6 13. Nc1 Nd4 14. Qd2
Nf3+ 15. Bxf3 Qxf3 16. Rg1 f5 17. N1e2 fxe4 18. Nd4 Qg4 19. Qe2 Qxe2+ 20. Ndxe2
d5 21. Nf4 Bf7 22. O-O-O c6 23. h4 a5 24. Rge1 Rae8 25. Rd2 Nf5 26. Nd1 d4 27.
Rde2 e3 28. fxe3 Nxg3 29. Rg2 Nf5 30. Rg5 Nxh4 31. Rh1 Ng6 32. Nxg6 Bxg6 33.
exd4 Re2 34. Rhg1 Rxc2+ 35. Kb1 Rc4+ 36. Rxg6 hxg6 37. Nc3 Rxd4 38. Rxg6 Rf2
39. Rg5 Rdd2 40. Rxa5 Rxb2+ 41. Ka1 Rbc2 0-1

[Event "DEM U14 2005"]
[Site "Willingen GER"]
[Date "2005.05.15"]
[Round "2"]
[White "Bart, Simon"]
[Black "Zeldin, Leonid"]
[Result "0-1"]
[Termination "normal"]
[Board "9"]
[WhiteElo "1474"]
[BlackElo "1917"]
[PlyCount "74"]
[WhiteFideId "24637327"]
[BlackFideId "24636088"]
[EventCountry "GER"]
[EventRounds "9"]
[EventType "swiss"]
[EventDate "2005.05.15"]

1. d4 Nf6 2. Nf3 e6 3. Bg5 c5 4. c3 Be7 5. e3 O-O 6. Bd3 h6 7. Bf4 Nc6 8. Nbd2
cxd4 9. exd4 Nd5 10. Bg3 f5 11. h3 b6 12. Bb5 Bb7 13. Bxc6 Bxc6 14. Ne5 Kh7 15.
Nxc6 dxc6 16. Be5 c5 17. Nf3 Qe8 18. O-O Rd8 19. Qe2 cxd4 20. Nxd4 Bc5 21. Nc2
Qg6 22. c4 Nf6 23. b4 Be7 24. a3 Ne4 25. f3 Rd2 26. Rfe1 Rxe2 27. Rxe2 Nd6 28.
Bxd6 Bxd6 29. Rae1 e5 30. f4 e4 31. Rf1 Qg3 32. Re3 Qh4 33. Kh2 g5 34. g3 Qh5
35. fxg5 Qxg5 36. h4 Qxh4+ 37. Kg2 Rg8 0-1

[Event "DEM U14 2005"]
[Site "Willingen GER"]
[Date "2005.05.15"]
[Round "2"]
[White "Rath, Oliver"]
[Black "Colpe, Malte"]
[Result "0-1"]
[Termination "normal"]
[Board "10"]
[WhiteElo "1717"]
[BlackElo "1962"]
[PlyCount "110"]
[WhiteFideId "24610380"]
[BlackFideId "24623075"]
[EventCountry "GER"]
[EventRounds "9"]
[EventType "swiss"]
[EventDate "2005.05.15"]

1. c4 Nf6 2. Nc3 g6 3. e4 d6 4. d3 Bg7 5. g3 O-O 6. Bg2 c5 7. Nge2 Nc6 8. O-O
Ne8 9. f4 Nc7 10. Be3 Ne6 11. f5 Ned4 12. g4 Nxe2+ 13. Qxe2 e6 14. Qf2 Ne5 15.
Qe2 Qh4 16. h3 h5 17. gxh5 exf5 18. hxg6 fxg6 19. Bf2 Qg5 20. h4 Qh6 21. Nd5 f4
22. Ne7+ Kh7 23. Bf3 Bh3 24. Nd5 Bxf1 25. Kxf1 Nxf3 26. Qxf3 Rae8 27. Ke2 Qh5
28. Rg1 Qxf3+ 29. Kxf3 Rf7 30. b3 Be5 31. Rg5 Kg7 32. h5 Re6 33. Kg4 Kh7 34.
hxg6+ Rxg6 35. Rxg6 Kxg6 36. Bh4 f3 37. Bf2 Rh7 38. Kxf3 Rh1 39. b4 b6 40. b5
Ra1 41. Nf4+ Kf7 42. Nd5 Rxa2 43. Nc7 Bd4 44. Bxd4 cxd4 45. Nd5 Rd2 46. Nb4 Kf6
47. Kf4 Ke6 48. Kg4 Kd7 49. Kf3 Kc8 50. Kf4 Rb2 51. Nc6 Rb3 52. Nxd4 Rxd3 53.
Nc6 Kd7 54. e5 d5 55. cxd5 Rxd5 0-1